Normal view
MARC view
Entry Personal Name
001 - CONTROL NUMBER
- control field: 34203
003 - CONTROL NUMBER IDENTIFIER
- control field: OSt
005 - DATE AND TIME OF LATEST TRANSACTION
- control field: 20160122175042.0
008 - FIXED-LENGTH DATA ELEMENTS
- fixed length control field: 160122|| aca||aabn | a|a d
040 ## - CATALOGING SOURCE
- Original cataloging agency: OSt
- Transcribing agency: OSt
100 ## - HEADING--PERSONAL NAME
- Personal name: Marconi, Joe
670 ## - SOURCE DATA FOUND
- Source citation: Work cat.: (OSt)32625: Marconi, Joe, Crisis Marketing, 1993









